000 00914cam a2200229 4500
001 WB3610-30
008 000000n2000 000 0 eng u
035 _a(Sirsi) u104739
245 4 _aThe hottest property
260 _c2000
490 _aHerald
_v 9 March 2000, 4(1)
520 _aIncreasing volumes of retail sales transactions are behind the slowing down of the Retail Price Index. This has been boosted greatly by the speed and efficiency of the internet. However it is up to surveyors to ensure that their standards are maintained either on the ground or through a virtual environment.
590 _aWB
650 _aINTERNET
650 _aALL ITEMS RETAIL PRICES INDEX
650 _aALL ITEMS RETAIL PRICES INDEX
650 _aPROPERTY MARKET
650 _aGLOBAL MARKET
650 _aALLISON AND LIGHTBODY
690 _aMANAGEMENT-BUSINESS MANAGEMENT-INFORMATION MANAGEMENT
942 _n0
999 _c62834
_d62834